[Event "EU-ch U12 Girls"]
[Site "Bratislava"]
[Date "2019.08.08"]
[Round "7"]
[White "Vaupot, Eliza"]
[Black "Toquero Gracia, Laura"]
[Result "1-0"]
[WhiteElo "1288"]
[BlackElo "1259"]
[PlyCount "123"]
[EventDate "2019.08.02"]
[EventType "swiss"]
[EventRounds "9"]
[EventCountry "SVK"]
[SourceTitle "EXT 2020"]
[Source "ChessBase"]
[SourceDate "2019.10.17"]
[SourceVersion "1"]
[SourceVersionDate "2019.10.17"]
[SourceQuality "1"]

1. e4 c5 2. Nc3 Nc6 3. f4 g6 4. Nf3 Bg7 5. d3 e6 6. g3 d6 7. Bg2 Nge7 8. 0-0 Rb8 9. a4 a6 10. Be3 Nd4 11. Rb1 Nxf3+ 12. Qxf3 Nc6 13. e5 0-0 14. exd6 Qxd6 15. Ne4 Qd8 16. Bxc5 Bd4+ 17. Kh1 Bxc5 18. Nxc5 Qd4 19. Qf2 Rd8 20. Qxd4 Rxd4 21. Nxa6 Ra8 22. Nc5 Ra5 23. c3 Rd8 24. b4 Ra7 25. a5 Nb8 26. Rfe1 Na6 27. Nxa6 bxa6 28. d4 Rc7 29. Rbc1 Rc4 30. Re5 Bd7 31. Rc5 Bb5 32. Rxc4 Bxc4 33. Kg1 h5 34. Bf1 Rc8 35. Kf2 f5 36. Bxc4 Rxc4 37. Ke3 Kf7 38. Kd3 Rc8 39. c4 Ke7 40. Rc3 Kd6 41. b5 Ra8 42. c5+ Kc7 43. b6+ Kc6 44. Kc4 Rb8 45. Re3 Re8 46. Re5 Re7 47. d5+ exd5+ 48. Rxd5 Re4+ 49. Rd4 Re6 50. Rd6+ Rxd6 51. cxd6 Kxd6 52. Kd4 Kc6 53. Ke5 Kd7 54. Kf6 Kd6 55. Kxg6 Kc6 56. Kxh5 Kb7 57. Kg5 Kc8 58. h4 Kb8 59. h5 Kc8 60. h6 Kb8 61. h7 Kb7 62. h8Q 1-0

[Event "EU-ch U12 Girls"]
[Site "Bratislava"]
[Date "2019.08.07"]
[Round "6"]
[White "Vaupot, Eliza"]
[Black "Veverkova, Dorota"]
[Result "0-1"]
[WhiteElo "1288"]
[BlackElo "1284"]
[PlyCount "58"]
[EventDate "2019.08.02"]
[EventType "swiss"]
[EventRounds "9"]
[EventCountry "SVK"]
[SourceTitle "EXT 2020"]
[Source "ChessBase"]
[SourceDate "2019.10.17"]
[SourceVersion "1"]
[SourceVersionDate "2019.10.17"]
[SourceQuality "1"]

1. e4 c5 2. Nc3 Nc6 3. f4 g6 4. Nf3 Bg7 5. d3 e6 6. g3 Nge7 7. Bg2 0-0 8. 0-0 d5 9. Bd2 Nd4 10. Rb1 b6 11. Ne2 Nec6 12. c3 Nxf3+ 13. Bxf3 dxe4 14. Bxe4 Bb7 15. g4 f5 16. Bf3 Qxd3 17. Ng3 Rad8 18. Rf2 e5 19. Be2 Qd6 20. fxe5 Qxe5 21. Bc4+ Kh8 22. gxf5 gxf5 23. Qe1 f4 24. Qxe5 Nxe5 25. Rxf4 Rxf4 26. Bxf4 Nxc4 27. b3 Na3 28. Rc1 Rd3 29. c4 Bd4+ 0-1

[Event "SLO-CupT"]
[Site "Dobrna"]
[Date "2019.04.14"]
[Round "4"]
[White "Vaupot, Eliza"]
[Black "Okroznik, Gorazd"]
[Result "1-0"]
[WhiteElo "1199"]
[BlackElo "1516"]
[PlyCount "113"]
[EventDate "2019.04.12"]
[EventType "team-swiss"]
[EventRounds "5"]
[EventCountry "SLO"]
[SourceTitle "EXT 2020"]
[Source "ChessBase"]
[SourceDate "2019.10.17"]
[SourceVersion "1"]
[SourceVersionDate "2019.10.17"]
[SourceQuality "1"]
[WhiteTeam "Slovenj Gradec"]
[BlackTeam "Slovenske Konjice"]
[WhiteTeamCountry "SLO"]
[BlackTeamCountry "SLO"]

1. e4 c6 2. d4 d5 3. Nc3 dxe4 4. Nxe4 Nf6 5. Ng3 g6 6. Nf3 Bg7 7. Bd3 Qa5+ 8. c3 Nbd7 9. 0-0 0-0 10. Bg5 e5 11. b4 Qc7 12. Nxe5 Nxe5 13. Bf4 Nd5 14. Bxe5 Bxe5 15. dxe5 Qxe5 16. Ne2 Nxc3 17. Nxc3 Qxc3 18. Qb1 Be6 19. Re1 Rad8 20. Be4 Rd2 21. Re3 Qb2 22. Qxb2 Rxb2 23. a3 f5 24. Bxc6 Kf7 25. Bxb7 Rd8 26. h3 Rdd2 27. Rf3 Bd5 28. Bxd5+ Rxd5 29. Kh2 Rdd2 30. Kg3 Kf6 31. Rc1 Rdc2 32. Rd1 Rd2 33. Rxd2 Rxd2 34. Rc3 Rd7 35. Rc6+ Ke5 36. f3 Kd5 37. Ra6 Kc4 38. Kf4 Kb5 39. Ra5+ Kc4 40. Ke5 Re7+ 41. Kd6 Rb7 42. Kc6 Re7 43. Rc5+ Kb3 44. Ra5 Kc4 45. Kd6 Rb7 46. Ke6 Rb6+ 47. Kd7 Rb7+ 48. Kc8 Re7 49. Kb8 Re2 50. Rxa7 Re8+ 51. Kb7 Re7+ 52. Kb6 Rxa7 53. Kxa7 Kb5 54. Kb7 f4 55. Kc7 g5 56. Kd6 h5 57. Ke5 1-0

[Event "SLO-chT U16 Girls"]
[Site "Murska Sobota"]
[Date "2018.05.13"]
[Round "5"]
[White "Brezar, Hana"]
[Black "Vaupot, Eliza"]
[Result "0-1"]
[WhiteElo "1469"]
[BlackElo "1026"]
[PlyCount "46"]
[EventDate "2018.05.11"]
[EventType "team-tourn"]
[EventRounds "5"]
[EventCountry "SLO"]
[SourceTitle "EXT 2020"]
[Source "ChessBase"]
[SourceDate "2019.10.17"]
[SourceVersion "1"]
[SourceVersionDate "2019.10.17"]
[SourceQuality "1"]

1. e4 c5 2. Nf3 g6 3. d4 cxd4 4. Qxd4 Nf6 5. e5 Nc6 6. Qa4 Nd5 7. Be2 Bg7 8. 0-0 Nxe5 9. Qe4 Nxf3+ 10. Bxf3 Nf6 11. Qd4 0-0 12. Nc3 Qc7 13. Nb5 Qb8 14. Bf4 d6 15. Rad1 e5 16. Qc4 exf4 17. Rfe1 Be6 18. Qd4 d5 19. Be2 f3 20. gxf3 Ng4 21. fxg4 Bxd4 22. Nxd4 Qf4 23. Nxe6 fxe6 0-1

[Event "SLO-chT U16 Girls"]
[Site "Murska Sobota"]
[Date "2018.05.13"]
[Round "4"]
[White "Vaupot, Eliza"]
[Black "Urbanc, Tina"]
[Result "0-1"]
[WhiteElo "1026"]
[BlackElo "1670"]
[PlyCount "58"]
[EventDate "2018.05.11"]
[EventType "team-tourn"]
[EventRounds "5"]
[EventCountry "SLO"]
[SourceTitle "EXT 2020"]
[Source "ChessBase"]
[SourceDate "2019.10.17"]
[SourceVersion "1"]
[SourceVersionDate "2019.10.17"]
[SourceQuality "1"]

1. e4 b6 2. d4 Bb7 3. Nc3 e6 4. Nf3 g6 5. Bc4 Bg7 6. 0-0 Ne7 7. Bg5 f6 8. Be3 0-0 9. d5 exd5 10. exd5 d6 11. Re1 Nd7 12. Qe2 Ne5 13. Bd4 Nf5 14. Rad1 Re8 15. Be3 Nxe3 16. fxe3 Ng4 17. Rd3 f5 18. e4 Bxc3 19. Rxc3 Rxe4 20. Qd2 Qe7 21. Bd3 Rxe1+ 22. Nxe1 Re8 23. Nf3 Bxd5 24. Kf1 Qe3 25. Qxe3 Nxe3+ 26. Kf2 Nd1+ 27. Kf1 Nxc3 28. bxc3 Bxa2 29. c4 d5 0-1

[Event "SLO-ch U10 Girls"]
[Site "Ptuj"]
[Date "2017.03.01"]
[Round "6"]
[White "Vaupot, Eliza"]
[Black "Lukac, Ema"]
[Result "1-0"]
[WhiteElo "1593"]
[BlackElo "1680"]
[PlyCount "65"]
[EventDate "2017.02.27"]
[EventType "swiss"]
[EventRounds "9"]
[EventCountry "SLO"]
[SourceTitle "CBM 177 Extra"]
[Source "ChessBase"]
[SourceDate "2017.04.27"]
[SourceVersion "1"]
[SourceVersionDate "2017.04.27"]
[SourceQuality "1"]

1. e4 c5 2. Nf3 d6 3. c3 Nf6 4. Bb5+ Bd7 5. Ba4 Nxe4 6. d4 cxd4 7. Qxd4 Nc5 8. Bc2 Bb5 9. c4 e5 10. Qd5 Bc6 11. Qd2 e4 12. Nd4 Bd7 13. Nc3 Qe7 14. 0-0 Qe5 15. Re1 d5 16. cxd5 f5 17. f3 Bd6 18. g3 0-0 19. fxe4 fxe4 20. Nxe4 Qxd5 21. b4 Be5 22. Bb2 Nxe4 23. Bb3 Bxd4+ 24. Bxd4 Qxb3 25. Rxe4 Qc4 26. Qg5 g6 27. Qh6 Rf7 28. Rae1 Na6 29. Qe3 Bb5 30. Rf4 Rxf4 31. Qxf4 Nxb4 32. Qf6 Qf7 33. Qh8# 1-0